000 00233nam a22000857a 4500
008 160704b xxu||||| |||| 00| 0 eng d
100 _91949
_a Madaan, A
245 _aLearn About Computers
260 _aNew Delhi
_bDreamland Publication
_c2003
999 _c1650
_d1650